000 00622nam a2200169Ia 4500
008 220216s9999 xx 000 0 und d
100 _aLicy J
245 0 _aGenetic parameters and heterosis in rubber (Hevea brasiliensis Muell. Arg.). 3. Variability and hybrid vigour for yield and certain yield attributes
260 _bGolden Jubilee Symposium, Horticultural Research - Changing Scenario, May 24-28, 1993, Bangalore, India
_c1993
700 _aNazeer M A
700 _aPanikkar A O N
700 _aPremakumari D
700 _aSaraswathyamma C K
700 _aSethuraj M R
700 _aVarghese Y A
942 _cJS
999 _c59844
_d59844